Camaleón /

Збережено в:
Бібліографічні деталі
Автор: Jufresa, Laia, 1983- (Автор)
Формат: Електронний ресурс eКнига
Мова:Іспанська
Опубліковано: Ciudad de México : Fondo de Cultura Económica, 2023.
Редагування:Primera edición en libro electrónico.
Серія:Primerísimos.
Предмети:
Онлайн доступ:Digitalia Hispánica
Теги: Додати тег
Немає тегів, Будьте першим, хто поставить тег для цього запису!

MARC

LEADER 00000nam a2200000Ii 4500
001 DIGFCE2425
003 NyNyDIG
006 m o d
007 cr |||||||||||
008 240701s2023 mx a o 000 j spa d
035 |a (OCoLC)1444058035 
040 |a DGITA  |b eng  |e rda  |e pn  |c DGITA 
020 |a 9786071680648  |q (pdf) 
020 |z 9786071680013  |q (rústica) 
050 1 4 |a PQ7298.42.U47 ebook 
100 1 |a Jufresa, Laia,  |d 1983-  |e author. 
245 1 0 |a Camaleón /  |c Laia Jufresa. 
250 |a Primera edición en libro electrónico. 
264 1 |a Ciudad de México :  |b Fondo de Cultura Económica,  |c 2023. 
300 |a 1 online resource :  |b illustrations. 
336 |a text  |b txt  |2 rdacontent 
337 |a computer  |b c  |2 rdamedia 
338 |a online resource  |b cr  |2 rdacarrier 
347 |a text file  |2 rdaft 
347 |b PDF 
490 1 |a Los primerísimos 
588 0 |a Online resource; title from PDF title page (Digitalia, viewed July 1, 2024) 
655 7 |a Short stories.  |2 lcgft 
776 0 8 |i Print version:  |a Jufresa, Laia, 1983-  |t Camaleón.  |b Primera edición.  |d Ciudad de México : Fondo de Cultura Económica, 2023  |z 9786071680013 
791 2 |a Digitalia (Firm),  |e distributor. 
793 0 |g Digitalia eBook Collection:  |a Fondo de Cultura Económica 
830 0 |a Primerísimos. 
856 4 0 |3 Digitalia Hispánica  |u https://digitalia.unach.elogim.com/a/135128/ 
910 |a Premium collection: 2024